| 000 | 00462nam a22001337a 4500 | ||
|---|---|---|---|
| 999 |
_c515525 _d515525 |
||
| 008 | 210130b ||||| |||| 00| 0 eng d | ||
| 100 |
_aBhsuhan, Bharat _924005 |
||
| 245 | _aOverhauling Kashmir politics: Incubation of artificial political processes destined to fail | ||
| 260 | _aSocial Scientist | ||
| 300 | _a48(7-8), Jul-Aug, 2020: p.49-58 | ||
| 773 | _aSocial Scientist | ||
| 906 | _aINDIA - JAMMU AND KASHMIR - POLITICS AND GOVERNMENT | ||
| 942 | _cAR | ||